Normal view
MARC view
- English language - textbooks for foreign speakers - English language - Spoken English - English language - Study and teaching - Textbooks for foreign speakers - English language- Problems - Exercies - etc
Entry Topical Term
001 - CONTROL NUMBER
- control field: 2361
003 - CONTROL NUMBER IDENTIFIER
- control field: JO-AjAnu
005 - DATE AND TIME OF LATEST TRANSACTION
- control field: 20230606070706.0
008 - FIXED-LENGTH DATA ELEMENTS
- fixed length control field: 230606|| aca||aabn | a|a d
040 ## - CATALOGING SOURCE
- Original cataloging agency: JO-AjAnu
- Transcribing agency: JO-AjAnu
150 ## - HEADING--TOPICAL TERM
- Topical term or geographic name entry element: English language - textbooks for foreign speakers - English language - Spoken English - English language - Study and teaching - Textbooks for foreign speakers - English language- Problems - Exercies - etc
670 ## - SOURCE DATA FOUND
- Source citation: Work cat.: (JO-AjAnu)1238: HUTCHINSON. TOM, author 2360, LIFE LINES PRE-INTERMEDIATE: WORK BOOK